Administrative Law/ (Record no. 1400808)

MARC details
000 -LEADER
fixed length control field 00681nam a22002297a 4500
005 - DATE AND TIME OF LATEST TRANSACTION
control field 20250513154547.0
008 - FIXED-LENGTH DATA ELEMENTS--GENERAL INFORMATION
fixed length control field 250513b |||||||| |||| 00| 0 eng d
037 ## - SOURCE OF ACQUISITION
Terms of availability TB
040 ## - CATALOGING SOURCE
Original cataloging agency LCT
Transcribing agency LCT
041 ## - LANGUAGE CODE
Source of code eng
Language code of text/sound track or separate title eng
Language code of original eng
084 ## - COLON CLASSIFICATION NUMBER
Classification number Z,9298 Q12
100 ## - MAIN ENTRY--PERSONAL NAME
Personal name Massey, I.P.
9 (RLIN) 784233
245 ## - TITLE STATEMENT
Title Administrative Law/
250 ## - EDITION STATEMENT
Edition statement 8th ed.
260 ## - PUBLICATION, DISTRIBUTION, ETC.
Place of publication, distribution, etc. Lucknow, India:
Name of publisher, distributor, etc. Eastern Book Company(EBC),
Date of publication, distribution, etc. 2012
300 ## - PHYSICAL DESCRIPTION
Extent civ, 624p.
650 ## - SUBJECT ADDED ENTRY--TOPICAL TERM
Topical term or geographic name entry element Administrative law
9 (RLIN) 774552
650 ## - SUBJECT ADDED ENTRY--TOPICAL TERM
Topical term or geographic name entry element Judicial Review
9 (RLIN) 774553
650 ## - SUBJECT ADDED ENTRY--TOPICAL TERM
Topical term or geographic name entry element Tribunalisation of Justice
9 (RLIN) 774554
650 ## - SUBJECT ADDED ENTRY--TOPICAL TERM
Topical term or geographic name entry element Administrative law
9 (RLIN) 774552
942 ## - ADDED ENTRY ELEMENTS (KOHA)
Source of classification or shelving scheme Colon Classification (CC)
Koha item type General Books
Classification part Z,9298 Q12
Suppress in OPAC No

No items available.

Copyright @ Delhi University Library System